LEADER 01291nam a2200193 i 4500 001 000000250486 003 CaOOAMICUS 005 20160805000000.0 008 160805s1740 it u000 u lat u 013 $a229391 026 $ar.t, um,& uio- ruCh (7) 1740 (R) 040 $aSeMil$bita 245 10$aTomus tertius, ecclesiam Maronitarum, patriarchatum Hierosolymitanum, & quotquot fuerunt ritûs Latini tam patriarchae quàm inferiores praesules in quatuor patriarchatibus & in oriente universo, complectens. 300 $a[4] p., 1416 col., XXVIII p., [1] carta di tav. ripieg. :$bc. geogr. 500 $aSegn. : pg2 A-4T4 4V2 a-g2. 773 0 $aLe Quien, Michel$tOriens Christianus, in quatuor patriarchatus digestus; quo exhibentur ecclesiae, patriarchae, caeterique praesules totius orientis. Studio & opera R.P.F. Michaelis Le Quien, ... Opus posthumum. Tomus 1. [-3.].$dParisiis : Ex Typographia Regia, 1740.$g3$w()33294 850 $aSeMil 852 $aSeMil$W1$xVenegono$y1$m3E VIII 33 FA$j200832$B200832$CSeMilBibl$Z2$F212556 $8I 996 $6245$aTomus tertius, ecclesiam Maronitarum, patriarchatum Hierosolymitanum, & quotquot fuerunt ritûs Latini tam patriarchae quàm inferiores praesules in quatuor patriarchatibus & in oriente universo, complectens$9(OLS)http://semarc/title/352695 LEADER 01311nam a2200229 i 4500 001 000000045250 003 CaOOAMICUS 005 20210331135341.0 008 951211s1856 fr u000 u fre u 013 $a16420 040 $aSeMil$bita 100 1 $aBérulle, Pierre : de,$c.$0(OLS)http://semarc/name/13670 245 10$aOeuvres complètes de de Bérulle, cardinal de l'Église Romaine, fondateur et premier supérieur de l'oratoire /$caugmentées de plusieurs opuscules inédits et d'un grand nombre de pièces recueillies dans divers ouvrages, disposées dans un ordre logique, publiées par m. l'abbé Migne. 260 $aPetit-Montrouge (Paris) :$bchez J. P. Migne,$c1856. 300 $a1860, 12 col. ;$c28 cm. 650 4$aBérulle, Pierre : de - Opere.$0(OLS)http://semarc/subject/4788 700 1 $aMigne, Jacques-Paul,$d<1800-1875>.$0(OLS)http://semarc/name/3246 850 $aSeMil 852 $aSeMil$W1$xVenegono$y1$m2B V 23 FA$j11405$B11405$CSeMilBibl$Z2$F11405 $8I 996 $6245$aOeuvres complètes de de Bérulle, cardinal de l'Église Romaine, fondateur et premier supérieur de l'oratoire$9(OLS)http://semarc/title/67227 996 $6260$aPetit-Montrouge (Paris) :$bchez J. P. Migne$9(OLS)http://semarc/publisher/40669